000 00617nam a2200229Ia 4500
003 OSt
005 20221007065017.0
006 a|||||r|||| 00| 0
007 ta
008 221006b |||||||| |||| 00| 0 eng d
024 _a12,293
037 _cTextual
040 _aFLL
_cFLL
_beng
041 _2eng
_aeng
082 _aV2:26:N7, L0
100 _aBhardwaj R.K. Au.
245 0 _aMunicipal administration in india
260 _aDelhi
_bSterling publishers (p.) ltd. India
_c1970
300 _a296p
_ccm.
942 _hV2:26:N7, L0
_cTEXL
_2CC
999 _c1136021
_d1136021